[Event "Londres PCA m"]
[Site "?"]
[Date "1993.??.??"]
[Round "18"]
[White "Short, Nigel"]
[Black "Kasparov, G."]
[Result "1/2-1/2"]
[WhiteElo "2655"]
[BlackElo "2805"]
[PlyCount "70"]
[EventDate "1993.??.??"]
[Source "www.chesslib.no"]
[SourceDate "2004.05.04"]

1. e4 c5 2. Nf3 d6 3. d4 cxd4 4. Nxd4 Nf6 5. Nc3 a6 6. Bc4 e6 7. Bb3 b5 8. O-O Be7 9. Qf3 Qc7 10. Qg3 O-O 11. Bh6 Ne8 12. Rad1 Bd7 13. Nf3 a5 14. a4 b4 15. Ne2 Nc6 16. Nf4 Bf6 17. Nd3 e5 18. Be3 Be7 19. Nd2 Nf6 20. f3 Rfe8 21. Kh1 Be6 22. Rfe1 Rac8 23. Qf2 d5 24. Bb6 Qb8 25. Bc5 Bxc5 26. Nxc5 Nd4 27. Nxe6 fxe6 28. exd5 Nxb3 29. Nxb3 exd5 30. Nxa5 Qa8 31. Nb3 Qxa4 32. Ra1 Qc6 33. Re2 d4 34. Qe1 Qd6 35. Ra5 d3 1/2-1/2

[Event "Monaco Amber  Blindfold"]
[Site "Monaco MNC"]
[Date "1993.??.??"]
[Round "?"]
[White "Ivanchuk, Vassily"]
[Black "Polougaevsky, L."]
[Result "1-0"]
[WhiteElo "2710"]
[BlackElo "2635"]
[PlyCount "69"]
[EventDate "1993.??.??"]
[Source "www.chesslib.no"]
[SourceDate "2004.05.04"]

1. e4 c5 2. Nf3 d6 3. d4 cxd4 4. Nxd4 Nf6 5. Nc3 a6 6. Bc4 e6 7. O-O b5 8. Bb3 Be7 9. Qf3 Qc7 10. Qg3 Nc6 11. Nxc6 Qxc6 12. Re1 Bb7 13. Qxg7 Rg8 14. Qh6 O-O-O 15. Qh3 Kb8 16. f3 Rg6 17. Be3 Rdg8 18. Re2 Nd7 19. Nd5 exd5 20. Bxd5 Qc7 21. Bxf7 Bf6 22. Rd1 Bxb2 23. c4 Ba3 24. cxb5 axb5 25. Bxg8 Rxg8 26. Qxh7 Qc8 27. Rc2 Qe8 28. Rd3 Rh8 29. Qg7 Rg8 30. Qd4 Bc5 31. Rxc5 dxc5 32. Qxd7 Qxd7 33. Rxd7 c4 34. a3 Rc8 35. Rf7 1-0

[Event "Corr"]
[Site "?"]
[Date "1996.11.01"]
[Round "?"]
[White "Timmerman Gert Jan"]
[Black "Poulsen Allan"]
[Result "1-0"]
[WhiteElo "2725"]
[BlackElo "2590"]
[PlyCount "167"]
[EventDate "1996.??.??"]
[Source "www.chesslib.no"]
[SourceDate "2004.05.04"]

1. e4 c5 2. Nf3 d6 3. d4 cxd4 4. Nxd4 Nf6 5. Nc3 a6 6. Bc4 e6 7. Bb3 b5 8. Bg5 Be7 9. O-O O-O 10. Re1 Qb6 11. a4 b4 12. Nce2 Nc6 13. Nxc6 Qxc6 14. Ng3 Qc5 15. Be3 Qa5 16. f4 d5 17. e5 Nd7 18. Kh1 Nc5 19. Nh5 Ne4 20. Qg4 g6 21. Rad1 Kh8 22. Ng3 Nc5 23. Bd4 Rg8 24. Nf1 Bb7 25. Ne3 Ne4 26. Qf3 Rg7 27. Ng4 Qd8 28. Qe3 Rc8 29. Rf1 a5 30. Rf3 Rc6 31. c4 bxc3 32. bxc3 Ba6 33. Bc2 h5 34. Rh3 Rh7 35. Bxe4 hxg4 36. Rxh7+ Kxh7 37. Bb1 Qb8 38. Qg3 Bc5 39. Qh4+ Kg8 40. Bxc5 Rxc5 41. Qxg4 Qb2 42. Bxg6 Qe2 43. Bh5+ Qxg4 44. Bxg4 Rxc3 45. Kg1 Bd3 46. Kf2 Bg6 47. Be2 Ra3 48. Rd4 Bf5 49. Bd1 Ra2+ 50. Kg3 Be4 51. Bf3 Ra3 52. Kg4 Bxf3+ 53. gxf3 Re3 54. h4 Kg7 55. Rd1 Ra3 56. f5 Kh6 57. fxe6 fxe6 58. Rd4 Re3 59. f4 Kg6 60. Rd1 Re2 61. Rg1 Rf2 62. Rb1 Rg2+ 63. Kf3 Rh2 64. Kg4 Rg2+ 65. Kf3 Rh2 66. Rb7 Ra2 67. Re7 Kh5 68. Rh7+ Kg6 69. Re7 Kh5 70. Rh7+ Kg6 71. Rh8 Kg7 72. Re8 Kf7 73. Ra8 Kg6 74. Rf8 Ra1 75. Kg3 Rg1+ 76. Kf2 Ra1 77. Kf3 Rc1 78. Rf6+ Kh5 79. Rxe6 Rc3+ 80. Ke2 Kg4 81. Rd6 Rc4 82. Kd3 Rxa4 83. e6 Kxf4 84. h5 1-0

[Event "Corr"]
[Site "?"]
[Date "1996.11.01"]
[Round "?"]
[White "Timmerman Gert Jan"]
[Black "Cayford Richard Anthony (US"]
[Result "1-0"]
[WhiteElo "2725"]
[BlackElo "2525"]
[PlyCount "95"]
[EventDate "1996.??.??"]
[Source "www.chesslib.no"]
[SourceDate "2004.05.04"]

1. e4 c5 2. Nf3 d6 3. d4 cxd4 4. Nxd4 Nf6 5. Nc3 a6 6. Bc4 e6 7. Bb3 b5 8. Bg5 Be7 9. O-O O-O 10. Re1 Bb7 11. Bxe6 fxe6 12. Nxe6 Qc8 13. Nxf8 Qxf8 14. a4 b4 15. Bxf6 Bxf6 16. Nd5 Nd7 17. Nxf6+ Qxf6 18. c3 Nc5 19. cxb4 Nxe4 20. f3 Ng5 21. Qb3+ Kh8 22. Re3 Rf8 23. Qc3 Qg6 24. Kh1 h5 25. Qd3 Qf6 26. b5 Qf4 27. Rae1 Nxf3 28. Rxf3 Bxf3 29. Qxf3 Qxf3 30. gxf3 axb5 31. a5 b4 32. Kg2 g5 33. a6 Ra8 34. Ra1 Kg7 35. Kf2 Kf6 36. Ke3 Ke5 37. Ra5+ d5 38. a7 h4 39. b3 h3 40. Ra6 d4+ 41. Kd3 Kf4 42. Rf6+ Ke5 43. Ra6 Kf4 44. Rf6+ Ke5 45. Rf7 Ke6 46. Rb7 Ke5 47. Rh7 Kd5 48. Rg7 1-0

[Event "DPMM 1/2 final"]
[Site "DPMM 1/2 final"]
[Date "1996.??.??"]
[Round "1"]
[White "Hracek, Zbynek"]
[Black "Lutz, Christopher"]
[Result "1/2-1/2"]
[WhiteElo "2650"]
[BlackElo "2555"]
[PlyCount "112"]
[EventDate "1996.??.??"]
[Source "www.chesslib.no"]
[SourceDate "2004.05.04"]

1. e4 c5 2. Nf3 d6 3. d4 cxd4 4. Nxd4 Nf6 5. Nc3 a6 6. Bc4 e6 7. O-O b5 8. Bb3 Be7 9. Qf3 Qc7 10. Qg3 O-O 11. Bh6 Ne8 12. Rad1 Bd7 13. Nf3 Nc6 14. Bf4 Qb7 15. Rfe1 b4 16. Ne2 e5 17. Bg5 Be6 18. Nh4 Bxg5 19. Qxg5 Na5 20. Bd5 Bxd5 21. Rxd5 Nc4 22. Ng3 Nxb2 23. Nhf5 f6 24. Qe3 Nc4 25. Qb3 Rc8 26. a3 g6 27. Ne3 Nxe3 28. Rxe3 Rf7 29. axb4 Qc6 30. Rd2 Qc4 31. Ne2 Rb7 32. Qxc4+ Rxc4 33. c3 a5 34. f3 axb4 35. Rb2 f5 36. exf5 gxf5 37. Rd3 Kf7 38. Rd1 Ke6 39. Rdb1 Nc7 40. cxb4 Nb5 41. Ra1 d5 42. Ra6+ Nd6 43. Ng3 f4 44. Nf5 Kxf5 45. Rxd6 Rb5 46. g4+ fxg3 47. hxg3 d4 48. g4+ Kg5 49. Re6 Rcxb4 50. Rxe5+ Rxe5 51. Rxb4 Rd5 52. Kf2 d3 53. Ke1 d2+ 54. Kd1 Rd3 55. Rb5+ Kf4 56. Rb7 Kxf3 1/2-1/2

[Event "ECC"]
[Site "Rethymnon"]
[Date "2003.10.01"]
[Round "4"]
[White "Areshchenko, Alexander"]
[Black "Kobalija, Mihail"]
[Result "1-0"]
[WhiteElo "2542"]
[BlackElo "2656"]
[PlyCount "85"]
[EventDate "2003.09.28"]
[Source "Roberto Alvarez"]
[SourceDate "2003.10.06"]

1. e4 c5 2. Nf3 d6 3. d4 cxd4 4. Nxd4 Nf6 5. Nc3 a6 6. Bc4 e6 7. Bb3 b5 8. Bg5 Bb7 9. O-O Nbd7 10. Re1 h6 11. Bxf6 Nxf6 12. Qd3 Nd7 13. Qh3 Nc5 14. Bd5 Be7 15. Bxb7 Nxb7 16. Nd5 Bf6 17. Nc6 Qc8 18. Nxf6+ gxf6 19. Nd4 Ke7 20. Rad1 Qc5 21. Re3 Rac8 22. c3 h5 23. Qf3 Qe5 24. h4 Kf8 25. Qe2 Na5 26. b3 Nc6 27. Nf3 Qf4 28. g3 Rg8 29. Kh2 Qg4 30. Rxd6 Ke7 31. Qd2 Rgd8 32. Rxd8 Rxd8 33. Qc1 a5 34. Qa3+ b4 35. cxb4 axb4 36. Qa6 Ne5 37. Qb7+ Ke8 38. Qb5+ Kf8 39. Qxb4+ Kg7 40. Nxe5 fxe5 41. Qa5 Qd1 42. Qxe5+ Kf8 43. Qf6 1-0

[Event "Bled (ol) 88/220"]
[Site "?"]
[Date "2002.??.??"]
[Round "?"]
[White "Sutovsky, E."]
[Black "Gallagher, J."]
[Result "1-0"]
[WhiteElo "2657"]
[BlackElo "2540"]
[PlyCount "105"]
[EventDate "2002.??.??"]
[Source "Chess Informant"]
[SourceDate "2003.06.01"]

1. e4 c5 2. Nf3 d6 3. d4 cxd4 4. Nxd4 Nf6 5. Nc3 a6 6. Bc4 e6 7. Bb3 b5 8. O-O Be7 9. Qf3 Qc7 10. Re1 Nc6 11. Nxc6 Qxc6 12. Bg5 Bb7 13. Bxf6 gxf6 14. Re3 Qc5 15. Rae1 Kf8 16. Bd5 exd5 17. exd5 Re8 18. Qe2 Qc7 19. Ne4 Bd8 20. Nxd6 Re7 21. Rxe7 Bxe7 22. Nf5 Bxd5 23. Qg4 Rg8 24. Rxe7 Rxg4 25. Rxc7 Be6 26. Ne3 Ra4 27. a3 f5 28. g3 f4 29. gxf4 Rxf4 30. Ra7 Rf6 31. Kg2 Rg6+ 32. Kf3 Rh6 33. Kg3 Rg6+ 34. Kf4 Rf6+ 35. Kg3 Rg6+ 36. Kf3 Rh6 37. b4 Ke8 38. h4 Kd8 39. Kg3 Rg6+ 40. Kf4 Rf6+ 41. Ke5 Rxf2 42. Rxa6 Rf3 43. Ng2 Rf5+ 44. Ke4 Rf2 45. Nf4 Bc8 46. Ra7 Rxc2 47. Rxf7 h5 48. Rh7 Bg4 49. Nxh5 Rc3 50. Nf6 Bf3+ 51. Kd4 Rxa3 52. h5 Ra6 53. Ke5 1-0

[Event "Tilburg NED"]
[Site "Tilburg NED"]
[Date "1980.??.??"]
[Round "?"]
[White "Kavalek, Lubomir"]
[Black "Andersson, Ulf"]
[Result "1/2-1/2"]
[WhiteElo "2600"]
[BlackElo "2590"]
[PlyCount "29"]
[EventDate "1980.??.??"]
[Source "www.chesslib.no"]
[SourceDate "2004.05.04"]

1. e4 c5 2. Nf3 d6 3. d4 cxd4 4. Nxd4 Nf6 5. Nc3 e6 6. Bc4 a6 7. Bb3 b5 8. O-O Be7 9. a4 b4 10. Na2 O-O 11. Nxb4 Bb7 12. c3 a5 13. Nd3 Bxe4 14. Re1 Na6 15. Ra2 1/2-1/2

[Event "Moscow ol (Men)"]
[Site "Moscow"]
[Date "1994.??.??"]
[Round "12"]
[White "Mitkov, Nikola"]
[Black "Gelfand, Boris"]
[Result "1/2-1/2"]
[WhiteElo "2495"]
[BlackElo "2680"]
[PlyCount "47"]
[EventDate "1994.11.??"]
[Source "ChessBase"]

1. e4 c5 2. Nf3 d6 3. d4 cxd4 4. Nxd4 Nf6 5. Nc3 a6 6. Bc4 e6 7. Bb3 b5 8. O-O Be7 9. Qf3 Qb6 10. Be3 Qb7 11. Qg3 b4 12. Na4 Nbd7 13. f3 O-O 14. Rad1 Kh8 15. Ne2 Qb8 16. c3 bxc3 17. Nexc3 a5 18. Rf2 Ba6 19. Qh3 Ne5 20. Bd4 Nc6 21. Be3 Ne5 22. Bd4 Nc6 23. Be3 Ne5 24. Bd4 1/2-1/2

[Event "Cap d'Agde"]
[Site "Cap d'Agde"]
[Date "1994.??.??"]
[Round "1"]
[White "Hamdouchi, Hichem"]
[Black "Topalov, Veselin"]
[Result "1/2-1/2"]
[WhiteElo "2530"]
[BlackElo "2645"]
[PlyCount "188"]
[EventDate "1994.10.??"]
[Source "ChessBase"]

1. e4 c5 2. Nf3 d6 3. d4 cxd4 4. Nxd4 Nf6 5. Nc3 a6 6. Bc4 e6 7. Bb3 b5 8. O-O Be7 9. Qf3 Qb6 10. Be3 Qb7 11. Qg3 b4 12. Na4 Nbd7 13. f3 O-O 14. Rad1 Kh8 15. Kh1 Rb8 16. Qe1 Qa8 17. c4 bxc3 18. Qxc3 Bb7 19. Qd2 Rfc8 20. Rc1 Rxc1 21. Rxc1 Re8 22. Ne2 d5 23. exd5 Nxd5 24. Nf4 N5f6 25. Kg1 Qb8 26. Qf2 Bd6 27. Ba7 Qa8 28. Nd3 e5 29. Bc5 Nxc5 30. Ndxc5 e4 31. Nxb7 Qxb7 32. Re1 Qc7 33. g3 e3 34. Qg2 Bb4 35. Re2 g6 36. Qh3 Qc6 37. Kg2 Qb5 38. Kf1 Kg7 39. Nc3 Bxc3 40. bxc3 Qc6 41. Kg2 Nd5 42. Bxd5 Qxd5 43. Qh4 Qe6 44. Qd4+ Kg8 45. c4 h5 46. h4 Kh7 47. c5 Re7 48. Qc3 Qd5 49. c6 Rc7 50. Qxe3 Rxc6 51. Rd2 Qa5 52. Qd4 Rc1 53. Qd7 Rc7 54. Qd4 Re7 55. Kf2 Qf5 56. Kg2 Qb5 57. Qf2 Qa4 58. Rb2 Rc7 59. Qd2 Rd7 60. Qe2 Qa3 61. Rb3 Qc1 62. Rb2 Re7 63. Qd2 Qa1 64. Rc2 Re1 65. Qf2 Rb1 66. Rd2 a5 67. Qa7 Kg7 68. Qe3 a4 69. g4 Rb4 70. Qe2 hxg4 71. fxg4 Qf6 72. Kh3 Qf4 73. Rd3 Re4 74. Qf3 Qe5 75. Ra3 Re2 76. Qg3 Qe4 77. Qf3 Qxf3+ 78. Rxf3 Rxa2 79. g5 Rb2 80. Rf6 a3 81. Ra6 a2 82. Ra8 f5 83. gxf6+ Kxf6 84. Kg4 Ke5 85. Kg5 Rg2+ 86. Kh6 Kd4 87. Ra4+ Kc3 88. Rxa2 Rxa2 89. Kxg6 Kd4 90. h5 Ke5 91. h6 Ke6 92. Kg7 Rg2+ 93. Kf8 Rf2+ 94. Kg7 Rg2+ 1/2-1/2

[Event "National Open"]
[Site "National op"]
[Date "1994.??.??"]
[Round "4"]
[White "Kaidanov, Gregory S"]
[Black "Fedorowicz, John P"]
[Result "1-0"]
[WhiteElo "2645"]
[BlackElo "2520"]
[PlyCount "39"]
[EventDate "1994.??.??"]
[Source "www.chesslib.no"]
[SourceDate "2004.05.04"]

1. e4 c5 2. Nf3 d6 3. d4 cxd4 4. Nxd4 Nf6 5. Nc3 a6 6. Bc4 e6 7. O-O b5 8. Bb3 Be7 9. Be3 O-O 10. f4 Bb7 11. e5 dxe5 12. fxe5 Nfd7 13. Qh5 g6 14. Qh3 Nc5 15. Rxf7 Rxf7 16. Nxe6 Qc8 17. Nxc5 Qxh3 18. gxh3 Bxc5 19. Bxc5 Nc6 20. Re1 1-0

[Event "Strumica"]
[Site "Strumica"]
[Date "1995.??.??"]
[Round "16"]
[White "Azmaiparashvili, Zurab A"]
[Black "Rashkovsky, Nukhim N"]
[Result "1-0"]
[WhiteElo "2610"]
[BlackElo "2550"]
[PlyCount "53"]
[EventDate "1995.??.??"]
[Source "www.chesslib.no"]
[SourceDate "2004.05.04"]

1. e4 c5 2. Nf3 d6 3. d4 cxd4 4. Nxd4 Nf6 5. Nc3 a6 6. Bc4 e6 7. Bb3 b5 8. O-O Be7 9. f4 O-O 10. e5 dxe5 11. fxe5 Nfd7 12. Be3 Nxe5 13. Qh5 Nbc6 14. Nxc6 Nxc6 15. Rf3 b4 16. Rh3 h6 17. Rd1 Qa5 18. Nd5 exd5 19. Rg3 d4 20. Rxg7+ Kxg7 21. Bxh6+ Kh7 22. Bd5 Be6 23. Bf4+ Kg8 24. Rd3 Qxd5 25. Rg3+ Bg5 26. Bxg5 Qe5 27. Bf6+ 1-0

[Event "NV"]
[Site "Las Vegas, NV USA"]
[Date "1994.??.??"]
[Round "?"]
[White "Kaidanov, Gregory S"]
[Black "Browne, Walter S"]
[Result "1-0"]
[WhiteElo "2645"]
[BlackElo "2510"]
[PlyCount "55"]
[EventDate "1994.??.??"]
[Source "www.chesslib.no"]
[SourceDate "2004.05.04"]

1. e4 c5 2. Nf3 d6 3. d4 cxd4 4. Nxd4 Nf6 5. Nc3 a6 6. Bc4 e6 7. Bb3 b5 8. O-O Be7 9. f4 O-O 10. Be3 Bb7 11. e5 dxe5 12. fxe5 Nfd7 13. Qh5 g6 14. Qh3 Nc5 15. Rxf7 Rxf7 16. Nxe6 Qb6 17. Nxc5 Bxc5 18. Bxf7+ Kxf7 19. Qxh7+ Ke8 20. Qg8+ Ke7 21. Qg7+ Ke8 22. Qh8+ Ke7 23. Qf6+ Qxf6 24. exf6+ Kd6 25. Rd1+ Kc6 26. Bxc5 Kxc5 27. Rd8 Nc6 28. Rxa8 1-0

[Event "Bayern-chI Bank Hofmann 3rd"]
[Site "?"]
[Date "1999.10.26"]
[Round "4"]
[White "Lobron Eric"]
[Black "Novikov Igor A"]
[Result "1/2-1/2"]
[WhiteElo "2540"]
[BlackElo "2614"]
[PlyCount "134"]
[EventDate "1999.??.??"]
[Source "www.chesslib.no"]
[SourceDate "2004.05.04"]

1. e4 c5 2. Nf3 d6 3. d4 cxd4 4. Nxd4 Nf6 5. Nc3 a6 6. Bc4 e6 7. Bb3 b5 8. Bg5 Be7 9. Qf3 Qc7 10. e5 Bb7 11. exd6 Bxd6 12. Qe3 Bc5 13. O-O-O Nc6 14. Bxf6 gxf6 15. Ne4 Bxd4 16. Rxd4 Nxd4 17. Nxf6+ Kf8 18. Qxd4 Rd8 19. Qh4 Qe5 20. c3 h6 21. f4 Qe3+ 22. Kb1 Rd2 23. Rd1 Be4+ 24. Nxe4 Qxe4+ 25. Kc1 Rxd1+ 26. Bxd1 Qe3+ 27. Kc2 Kg7 28. Bf3 Rc8 29. Qg4+ Kh7 30. f5 Rc4 31. Qh5 Kg7 32. fxe6 Qxe6 33. h3 Rf4 34. a3 Qg6+ 35. Qxg6+ fxg6 36. b4 Kf7 37. Kd3 Ke7 38. Ke3 Rc4 39. Kd3 Kd7 40. Bd5 Rf4 41. Bf3 Kc7 42. Kc2 h5 43. Kb3 h4 44. a4 g5 45. Ka3 Kb6 46. Kb3 Rf6 47. a5+ Kc7 48. c4 Rf4 49. cxb5 axb5 50. Kc3 Rc4+ 51. Kb3 Rc1 52. Kb2 Rf1 53. Kc3 Rf2 54. Bd5 Kd6 55. Bb7 g4 56. hxg4 Rf4 57. a6 Kc7 58. Kb3 Kb6 59. Kc3 Rxg4 60. Kb3 Rc4 61. Ka3 Rc2 62. Kb3 Rf2 63. Ka3 Rf1 64. Kb2 Rh1 65. Ka2 Rh2 66. Kb3 h3 67. gxh3 Rxh3+ 1/2-1/2

[Event "Najdorf"]
[Site "Buenos Aires"]
[Date "1997.05.21"]
[Round "3"]
[White "Morovic Fernandez, Ivan"]
[Black "Sutovsky, Emil"]
[Result "1/2-1/2"]
[WhiteElo "2580"]
[BlackElo "2560"]
[PlyCount "42"]
[EventDate "1997.05.19"]
[Source "ChessBase"]
[SourceDate "1997.10.13"]

1. e4 c5 2. Nf3 d6 3. d4 cxd4 4. Nxd4 Nf6 5. Nc3 a6 6. Bc4 e6 7. Bb3 b5 8. O-O Be7 9. Qf3 Qb6 10. Be3 Qb7 11. Qg3 b4 12. Na4 Nbd7 13. f3 O-O 14. Rac1 Ne5 15. c4 bxc3 16. Rxc3 Bd7 17. Nb6 Nh5 18. Qh3 Nf4 19. Bxf4 Qxb6 20. Be3 Qb7 21. f4 Nc6 1/2-1/2

[Event "New York Open"]
[Site "New York, NY USA"]
[Date "1993.??.??"]
[Round "5"]
[White "Kudrin, Sergey"]
[Black "Hellers, Ferdinand"]
[Result "0-1"]
[WhiteElo "2575"]
[BlackElo "2565"]
[PlyCount "66"]
[EventDate "1993.04.07"]
[Source "www.chesslib.no"]
[SourceDate "2004.05.04"]

1. e4 c5 2. Nf3 d6 3. d4 cxd4 4. Nxd4 Nf6 5. Nc3 a6 6. Bc4 e6 7. O-O b5 8. Bb3 Be7 9. Qf3 Qb6 10. Be3 Qb7 11. Qg3 O-O 12. Bh6 Ne8 13. Rad1 b4 14. Na4 Nd7 15. Rfe1 Kh8 16. Bg5 Bxg5 17. Qxg5 Nef6 18. f3 Ne5 19. Ne2 Qa7+ 20. Kh1 Neg4 21. h3 Nf2+ 22. Kh2 Nxd1 23. Rxd1 Qc7 24. Qf4 Rd8 25. e5 dxe5 26. Qc4 Qe7 27. Qc5 Qe8 28. Rxd8 Qxd8 29. Qxb4 Bd7 30. Nac3 a5 31. Qd6 Qb8 32. Qxb8+ Rxb8 33. a4 Bc6 0-1

[Event "Moscow 84/203"]
[Site "?"]
[Date "2002.??.??"]
[Round "?"]
[White "Macieja, B."]
[Black "Poluljahov, A."]
[Result "1-0"]
[WhiteElo "2612"]
[BlackElo "2527"]
[PlyCount "91"]
[EventDate "2002.??.??"]
[Source "Chess Informant"]
[SourceDate "2002.02.01"]

1. e4 c5 2. Nf3 d6 3. d4 cxd4 4. Nxd4 Nf6 5. Nc3 a6 6. Bc4 e6 7. Bb3 b5 8. O-O Be7 9. Qf3 Qc7 10. Qg3 Nc6 11. Nxc6 Qxc6 12. Re1 Bb7 13. a3 O-O 14. Bh6 Ne8 15. Rad1 Kh8 16. Bg5 Bxg5 17. Qxg5 Nf6 18. Re3 Rad8 19. Rg3 Rg8 20. e5 Ne4 21. Nxe4 Qxe4 22. Re3 h6 23. Rxe4 hxg5 24. Red4 d5 25. h4 Kh7 26. hxg5 f6 27. Rg4 f5 28. Rh4+ Kg6 29. f4 a5 30. Rd4 Rh8 31. Rxh8 Rxh8 32. c3 Bc6 33. Bd1 Kf7 34. Be2 Ke7 35. Kf2 Rb8 36. g4 fxg4 37. Bxg4 Be8 38. f5 exf5 39. Bxf5 Bf7 40. Kg3 Be6 41. Bd3 Bg8 42. Rh4 Rb6 43. Rh8 Bf7 44. Ra8 b4 45. Ra7+ Ke6 46. Kf4 1-0